000
00236nam a2200097Ia 4500
008
170619s9999 xx 000 0 und d
100
_a
KAHATE- ATUL
245
0
_a
CRYPTOGRAPHY & NETWORK SECURITY
260
_b
PEARSON EDU. DELHI
260
_c
2003
546
_a
ENGLISH
999
_c
22980
_d
22980